Spanish Words Quiz (Easy) - Statistics

General Stats
  • This quiz has been taken 253 times
  • The average score is 13 of 15
Answer Stats
Word Translation % Correct
Tres Three
94%
You
93%
Autobús Bus
92%
Computadora Computer
91%
Hombre Man
91%
Gato Cat
90%
Ella She
87%
Manzana Apple
85%
Perro Dog
85%
Hermana Sister
84%
Mujer Woman
82%
Carro Car
81%
Pescado Fish
77%
Esposa Wife
74%
Maleta Suitcase
53%
No matching quizzes found
Score Distribution
Percent of People with Each Score
Percentile by Number Answered
Your Score History
You have not taken this quiz